ការចិញ្ចឹមមាន់ពូជ ក្នុងស្រុកនៅប្រទេសកម្ពុជា (Record no. 1748)

000 -LEADER
fixed length control field 00502nam a22001577a 4500
003 - CONTROL NUMBER IDENTIFIER
control field OSt
005 - DATE AND TIME OF LATEST TRANSACTION
control field 20151003095736.0
008 - FIXED-LENGTH DATA ELEMENTS--GENERAL INFORMATION
fixed length control field 151003b xxu||||| |||| 00| 0 eng d
040 ## - CATALOGING SOURCE
Transcribing agency RUA
082 ## - DEWEY DECIMAL CLASSIFICATION NUMBER
Classification number AVM ខៀវ 1992 B066 Or.1
100 ## - MAIN ENTRY--PERSONAL NAME
9 (RLIN) 1851
Personal name ខៀវ អមរា
245 ## - TITLE STATEMENT
Title ការចិញ្ចឹមមាន់ពូជ ក្នុងស្រុកនៅប្រទេសកម្ពុជា
260 ## - PUBLICATION, DISTRIBUTION, ETC. (IMPRINT)
Place of publication, distribution, etc. Phnom Penh
Name of publisher, distributor, etc. RUA
Date of publication, distribution, etc. 1992
300 ## - PHYSICAL DESCRIPTION
Extent 69p.
Other physical details ill.
Dimensions 29cm.
942 ## - ADDED ENTRY ELEMENTS (KOHA)
Source of classification or shelving scheme
Koha item type AVM
Holdings
Price effective from Date last seen Permanent Location Not for loan Date acquired Source of classification or shelving scheme Koha item type Lost status Withdrawn status Total Renewals Date last checked out Total Checkouts Shelving location Damaged status Barcode Current Location Full call number
2015-10-032018-06-12Library Block B 2015-10-03 AVM   2018-05-082B066 RUA008040Library Block BAVM ខៀវ 1992 B066 Or.1
2015-10-032020-05-04Library Block B 2015-10-03 AVM   2020-03-033B066 RUA007370Library Block BAVM ខៀវ 1992 B066 Or.2
2015-10-032018-01-22Library Block B 2015-10-03 AVM  12018-01-193B066 rua007261Library Block BAVM ខៀវ 1992 B066 Or.3
មជ្ឈមណ្ឌលឯការនៃសាកលវិទ្យាល័យភូមិន្ទកសិកម្មចំការដូង

Powered by Koha